El acuerdo de unión civil chileno
Saved in:
| Hovedforfatter: | |
|---|---|
| Format: | Ukendt |
| Sprog: | engelsk |
| Udgivet: |
Santiago, Chile
Ediciones Jurídicas de Santiago
2020
|
| Udgivelse: | Primera edición |
| Fag: | |
| Tags: |
Tilføj Tag
Ingen Tags, Vær først til at tagge denne postø!
|
MARC
| LEADER | 00000 a2200000 4500 | ||
|---|---|---|---|
| 003 | CL-VaPUC | ||
| 005 | 20210708102111.0 | ||
| 008 | 210624b ||||| |||| 00| 0 eng d | ||
| 999 | |c 433207 |d 433205 | ||
| 020 | |a 978-956-6053-39-2 | ||
| 040 | |c Pontificia Universidad Católica de Valparaíso | ||
| 082 | |a 346.016 OPA 2020 | ||
| 100 | |a Opazo González, Mario |9 861749 | ||
| 245 | |a El acuerdo de unión civil chileno | ||
| 250 | |a Primera edición | ||
| 260 | |a Santiago, Chile |b Ediciones Jurídicas de Santiago |c 2020 | ||
| 300 | |a 250 páginas | ||
| 583 | |k Cristina Rojas |c 20210624 | ||
| 650 | 0 | |9 737515 |a Acuerdo de unión civil | |
| 650 | 0 | |a Derecho privado |9 258243 | |
| 942 | |2 ddc |c BK | ||
| 952 | |0 0 |1 0 |2 ddc |4 0 |6 346_016000000000000_OPA_2020 |7 0 |8 A |9 578302 |a BIBDER |b BIBDER |d 2021-06-24 |e 22 |g 29750.00 |i 558549K |l 4 |o 346.016 OPA 2020 |p 558549K |r 2024-09-12 |s 2024-09-03 |t 1 |v 29750.00 |w 2021-06-24 |y BK |k DER | ||